00625nam a22001817a 450000500170000001000150001702000260003203500140005803700130007208200110008524501020009626000610019827000860025930000210034570000360036694200220040299900190042420231018113521.0 aENG-138282 a9789356069138c485.00 aEN-121814 bDBAD/PUB a580b1 aFoundation BiolocCompositor by Satish Kumar Shrivastava bContent Based on Ncert Curriculum 2023 aChennibPearson India Education Services Pvt. Ltd,c2023 a5th Floor, Survey No 205/10B, 200 Ft MMRD Road, Zamin Pallavaram,bChennie600044 a302p.c28cm(pbk) aShrivastava Satish Kumar957926 2ddccENh580mFOU c198816d198816